aitana - Estadísticas

Estadísticas generales
  • Esta prueba ha sido intentada 102 veces
  • La puntuación promedio es 52 de 76
Estadísticas de respuestas
pista respuesta % Correcto
11 razones 11 RAZONES
95%
ft. ana guerra lo malo
95%
11 razones ft. el cali y el dandee + (MÁS)
95%
11 razones ft. álvaro díaz y pole - (MENOS)
91%
ft. ana guerra, tini y greeicy lo malo remix
88%
ft. sangiovanni mariposas
88%
spoiler TELÉFONO
88%
11 razones ft. sebastian yatra corazón sin vida
86%
ft. emilia y ptazeta quieres
86%
spoiler ft. lola indigo me quedo
84%
ft. david bisbal si tú la quieres
84%
spoiler con la miel en los labios
82%
11 razones % (DIVIDIDO)
82%
la última la última
82%
alpha ft. rels b miamor
82%
spoiler popcorn
82%
ft. marmi tu foto del DNI
82%
spoiler vas a quedarte
82%
ft. sebastian yatra akureyri
81%
alpha ft. nicki nicole formentera
81%
ft. zzoilo mon amour remix
79%
alpha 24 rosas
77%
alpha ft. danna paola AQYNE
77%
la última el cine
75%
ft. evaluna aunque no sea conmigo
74%
11 razones ft. natalia lacunza CUANDO TE FUISTE
74%
ft. sam smith like i can
74%
ft. lele pons TELÉFONO (remix)
74%
11 razones = (IGUAL)
72%
ft. amaia la canción que no quiero cantarte
72%
ft. pablo alborán y álvaro de luna llueve sobre mojado
72%
ft. katy perry y tïesto resilient
72%
ft. morat más de lo que aposté
70%
alpha en el coche
68%
11 razones ft. beret ESTUPIDEZ
68%
spoiler las vegas
68%
alpha los ángeles
68%
11 razones NO TE HAS IDO Y YA TE EXTRAÑO
68%
ft. cali y el dandee coldplay
67%
ft. sen senra hermosa casualidad
67%
spoiler hold
67%
ft. fresquito y mago mándame un audio remix
67%
la última oasis
67%
spoiler barro y hielo
65%
spoiler el trece
65%
alpha luna
65%
spoiler nada sale mal
65%
spoiler stupid
65%
spoiler cristal
63%
alpha pensando en ti
63%
11 razones SI NO VAS A VOLVER
63%
alpha 2 extraños
61%
la última a la calle
61%
ft. reik enemigos
61%
alpha the killers
61%
sencillo 4TO 23
60%
alpha dararí
60%
alpha ella bailaba
58%
spoiler mejor que tú
58%
sencillo otra vez
58%
alpha alpha09
56%
ft. danna paola y luisa sonza friend de semana
56%
alpha LAS BABYS
56%
11 razones X (POR)
56%
sencillo berlín
54%
la última dormir
54%
la última quiero
54%
sencillo ni una más
51%
alpha otra noche sin ti
51%
sencillo las dudas
49%
spoiler perdimos la razón
46%
la última tu culpa
44%
sencillo arde
42%
película 'más allá de la luna' volaré
42%
la última me levanté
39%
sencillo sálvame
25%
No se encontraron pruebas coincidentes
Distribución de puntuación
Porcentaje de gente con cada puntuación
Porcentaje por número respondido
Historial de tus puntuaciones
No has intentado esta prueba.